00723nam a2200217 i 4500003000900000005001700009007000300026008004100029040003000070082000700100100003400107245006200141264005200203300005300255336002700308337003300335338002800368500007300396504003300469650000300502DO-SdBNP20241015092117.0ta241015b1993 dr ac||| |||| 00| 0 spa d aDO-SdBNPbspacBNPHUerda 42221 aLockward, Angel,eautor4aut.10aHaití :bcronología de una crisis /cÁngel Lockward aSanto Domingo :bEditor no identificado,c1993. a84 páginas:bilustraciones, retratos ;c29 cm. atextobtxt2rdacontent asin mediaciónbn2rdamedia avolumenbnc2rdacarrier aIncluye referencias bibliográficas y notas al pie de las páginas aBibliográfia : página 67